书目信息 |
| 题名: |
气焊工必读
|
|
| 作者: | ;天津市第一机械工业局 主编 | |
| 分册: | ||
| 出版信息: | 天津 天津科学技术出版社 1981 |
|
| 页数: | 282页 | |
| 开本: | 19cm | |
| 丛书名: | 工人技术等级标准自学丛书 | |
| 单 册: | ||
| 中图分类: | TG446 | |
| 科图分类: | ||
| 主题词: | 气焊--基本知识 | |
| 电子资源: | ||
| ISBN: | ||
| 000 | 00733nam2 2200253 45 | |
| 001 | 0181000188 | |
| 005 | 20060815153144.49 | |
| 010 | @dCNY0.63 | |
| 091 | @a15212.42 | |
| 100 | @a19950628d1981 em y0chiy0121 ea | |
| 101 | 0 | @achi |
| 102 | @aCN@b120000 | |
| 105 | @ay z 000yy | |
| 200 | 10 | @a气焊工必读@Aqi han gong bi du@f天津市第一机械工业局主编 |
| 210 | @a天津@c天津科学技术出版社@d1981 | |
| 215 | @a282页@d19cm | |
| 225 | 2 | @a工人技术等级标准自学丛书 |
| 410 | 0 | @120010@a工人技术等级标准自学丛书 |
| 606 | @a气焊@x基本知识 | |
| 690 | @aTG446@v3 | |
| 711 | 02 | @a天津市第一机械工业局@Atian jin shi di yi ji xie gong ye ju@4主编 |
| 801 | 0 | @aCN@bTSSF@c20060815 |
| 801 | 2 | @aCN@bNLC@c20060726 |
| 905 | @a10447@dTG446@e13 | |
| 气焊工必读/天津市第一机械工业局主编.-天津:天津科学技术出版社,1981 |
| 282页;19cm.-(工人技术等级标准自学丛书) |
| ISBN :CNY0.63 |
| ● |
| 相关链接 |
|
|
|
|
正题名:气焊工必读
索取号:TG446/13
 
预约/预借
| 序号 | 登录号 | 条形码 | 馆藏地/架位号 | 状态 | 备注 |
| 1 | 0438583 | 204385833 | 密集书库/ [索取号:TG446/13] | 在馆 | |
| 2 | 0458564 | 204585644 | 密集书库/ [索取号:TG446/13] | 在馆 |